<?xml version="1.0" encoding="utf-8"?>
<?xml-stylesheet type='text/xsl' href='./oai2.xsl'?>
<OAI-PMH xmlns="http://www.openarchives.org/OAI/2.0/" xmlns:xsi="http://www.w3.org/2001/XMLSchema-instance" xsi:schemaLocation="http://www.openarchives.org/OAI/2.0/ http://www.openarchives.org/OAI/2.0/OAI-PMH.xsd">
  <responseDate>2026-06-07T19:04:40Z</responseDate>
  <request verb="GetRecord" metadataPrefix="marcxml" identifier="record_kuniweb_1419496">https://kulturerbe.niedersachsen.de/oai</request>
  <GetRecord>
    <record>
      <header>
        <identifier>record_kuniweb_1419496</identifier>
        <datestamp>2026-03-31T19:09:18Z</datestamp>
        <setSpec>slg0186</setSpec>
      </header>
      <metadata>
        <marc:record xmlns:marc="http://www.loc.gov/MARC21/slim" xsi:schemaLocation="http://www.loc.gov/MARC21/slim http://www.loc.gov/standards/marcxml/schema/MARC21slim.xsd">
          <marc:leader>12345nkm  22     uu 4500</marc:leader>
          <marc:controlfield tag="001">1419496</marc:controlfield>
          <marc:controlfield tag="003">http://kuniweb.gbv.de</marc:controlfield>
          <marc:controlfield tag="005">2022-09-20T15:54:40</marc:controlfield>
          <marc:controlfield tag="008">|           ||||||||||||||||||||||</marc:controlfield>
          <marc:datafield tag="245" ind1="1" ind2="0">
            <marc:subfield code="a">Napoleon auf St. Helena</marc:subfield>
          </marc:datafield>
          <marc:datafield tag="710" ind1="2" ind2=" ">
            <marc:subfield code="a">Wilhelm Stockmann &amp; Comp.</marc:subfield>
            <marc:subfield code="e">HerstellerIn</marc:subfield>
          </marc:datafield>
          <marc:datafield tag="655" ind1=" " ind2="7">
            <marc:subfield code="a">Kunsthandwerk</marc:subfield>
          </marc:datafield>
          <marc:datafield tag="046" ind1=" " ind2=" ">
            <marc:subfield code="k">1821</marc:subfield>
            <marc:subfield code="k">1820er/1830er Jahre (1821 stirbt Napoleon, 1836 wird die Firma Hof-Lakierfabrik und signiert entsprechend)</marc:subfield>
            <marc:subfield code="l">1836</marc:subfield>
          </marc:datafield>
          <marc:datafield tag="260" ind1=" " ind2=" ">
            <marc:subfield code="g">1821</marc:subfield>
            <marc:subfield code="g">1836</marc:subfield>
            <marc:subfield code="g">1820er/1830er Jahre (1821 stirbt Napoleon, 1836 wird die Firma Hof-Lakierfabrik und signiert entsprechend)</marc:subfield>
          </marc:datafield>
          <marc:datafield tag="300" ind1=" " ind2=" ">
            <marc:subfield code="a">Höhe: 38,5 cm
Breite: 31,5 cm
Höhe: 55,5 cm (Rahmen)
Breite: 49 cm (Rahmen)
Tiefe: 5,8 cm (Rahmen)</marc:subfield>
          </marc:datafield>
          <marc:datafield tag="520" ind1=" " ind2=" ">
            <marc:subfield code="a">Hochrechteckige Darstellung Napoleons: Der Kaiser steht aufrecht und breitbeinig in Uniform (schwarze Stiefel. weiße Hosen und Weste, grüner Rock mit Orden und Epauletten, schwarzer Zweispitz, umgehängtes Bandlier mit Schwert) und hinter den Rücken geführten Händen auf einer zerbrochenen Steinplatte mit seinem Todesdatum (5. Mai 1821). Er blickt nach rechts in die Ferne. Die Steinplatte ist zweimal durchbohrt, durch die Löcher ist eine gerissene Eisenkette geführt, mit der diese scheinbar auf den vom Meer umtosten Felsen festgekettet war. Am Horizont zwei Segelschiffe. Oberhalb des Haupts Napoleons ist der graue Wolkenhimmel aufgerissen und gibt den Blick frei auf einen hell leuchtenden Stern im goldenen Firmament. (Städtisches Museum Braunschweig)

Aufschrift:
unter Krone: "W. St. &amp; Co // Braunschweig" (Manufakturmarke, auf der Rückseite)

Aufschrift:
"5 MAI // 1821" (auf der Steinplatte)</marc:subfield>
          </marc:datafield>
          <marc:datafield tag="650" ind1="1" ind2=" ">
            <marc:subfield code="a">Malerei &gt; Gemälde</marc:subfield>
          </marc:datafield>
          <marc:datafield tag="650" ind1="1" ind2=" ">
            <marc:subfield code="a">Malerei</marc:subfield>
          </marc:datafield>
          <marc:datafield tag="773" ind1="0" ind2=" ">
            <marc:subfield code="t">Sammlung Kunstgewerbe</marc:subfield>
          </marc:datafield>
          <marc:datafield tag="852" ind1=" " ind2=" ">
            <marc:subfield code="a">Städtisches Museum Braunschweig</marc:subfield>
          </marc:datafield>
          <marc:datafield tag="852" ind1=" " ind2=" ">
            <marc:subfield code="a">Braunschweig</marc:subfield>
          </marc:datafield>
          <marc:datafield tag="" ind1=" " ind2=" ">
            <marc:subfield code="a">Namensnennung - Nicht kommerziell - Keine Bearbeitungen 4.0 International (CC BY-NC-ND 4.0)</marc:subfield>
          </marc:datafield>
        </marc:record>
      </metadata>
    </record>
  </GetRecord>
</OAI-PMH>
